Guess the Taylor Swift Song with No Hints - 2 - Statistics

General Stats
  • This quiz has been taken 100 times
  • The average score is 227 of 316
Answer Stats
Answer % Correct
I
100%
a
97%
The
96%
the
96%
me
92%
you
92%
You
92%
you,
92%
My
91%
my
91%
to
91%
when
90%
And
89%
and
89%
on
89%
it
87%
your
87%
I'm
86%
of
86%
in
85%
like
85%
Like
85%
no
85%
be
84%
is
84%
You're
84%
you're
84%
that
82%
not
81%
was
81%
go
80%
it's
80%
It's
80%
for
78%
by
77%
As
76%
'Cause
76%
know
76%
But
75%
now
73%
way
73%
What
73%
just
72%
Just
72%
see
72%
there
72%
could
70%
baby
67%
baby,
67%
rain
67%
with
67%
down
66%
fly,
66%
fly
66%
oh,
66%
around
65%
Kiss
65%
up
65%
everything
63%
get
63%
Get
63%
sparks
63%
Take
63%
won't
63%
Won't
63%
would
62%
couldn't
61%
Meet
61%
should
61%
something
61%
away
59%
eyes,
59%
eyes
59%
house
59%
lights
59%
make
59%
pouring
59%
cards
58%
smile
58%
Drop
57%
full
57%
pain
57%
than
57%
thinking
57%
whenever
57%
feel
56%
kind
56%
move
56%
right
56%
touch
56%
green
54%
once
54%
rainstorm
54%
sidewalk
54%
those
54%
bad
53%
keep
53%
mind
53%
really
53%
run
53%
stood
53%
front
52%
haunt
52%
send
52%
enough
51%
running
51%
world
51%
Close
49%
far
49%
idea
49%
wild
49%
better
48%
even
48%
good
48%
hope
48%
reckless
48%
rest
48%
keeping
47%
that'll
47%
through
47%
wait
47%
wish
47%
fingers
46%
hair
46%
kinda
46%
remind
46%
guard
44%
patiently
44%
show
44%
watch
44%
wrong
44%
fireworks
43%
forgets
43%
imagined
42%
slow
42%
soft
42%
staircase
42%
whisper
42%
find
41%
captivated
39%
Gimme
38%
lead
38%
hanut
9%
No matching quizzes found
Score Distribution
Percent of People with Each Score
Percentile by Number Answered
Your Score History
You have not taken this quiz